|
|
|
|
| LEADER |
00000nam a22000007a 4500 |
| 005 |
20220427231141.0 |
| 007 |
cr|||| |||| |
| 008 |
220427s2020 ea |||||s|||| 00||0 spa d |
| 020 |
|
|
|a 978-84-122429-2-8
|
| 035 |
|
|
|a 35587
|
| 040 |
|
|
|a vLex
|
| 090 |
|
|
|c 13248
|d 13248
|
| 100 |
1 |
|
|a Gutiřrez, Alri Zurita
|
| 245 |
1 |
2 |
|a El delito de organizacin̤ criminal
|h [Recurso electrn̤ico] :
|b fundamentos y contenido de injusto /
|c Alri Zurita Gutiřrez
|
| 256 |
|
|
|a Servicio en ln̕ea
|
| 260 |
|
|
|a Barcelona:
|b J.M. Bosch Editor,
|c 2020
|
| 300 |
|
|
|a 1 recurso electrn̤ico
|
| 500 |
|
|
|a El fenm̤eno de la organizacin̤ delictiva no es nuevo pero s ̕caracters̕tico de la sociedad globalizada del presente. De las varias figuras que contemplan nuestras legislaciones el delito de organizacin̤ criminal es, fuera del m̀bito terrorista, la ms̀ relevante en el m̀bito de la criminalidad organizada. Su capacidad de adaptacin̤ en la sociedad globalizada, sus caracters̕ticas cualitativas y cuantitativas, su estructura rg̕ida o vertical, el aprovechamiento de la permeabilidad delictiva… la convierten en una figura de especial interš ter̤ico y prc̀tico, donde la compleja estructura corporativa hace particularmente difc̕il divisar una figura clara a la cabeza de la organizacin̤. Las reformas penales de 2010 y 2015 moldearon la figura delictiva dǹdole una autonoma̕ punitiva independiente si cumple con los requisitos del art. 570 bis CP. La presente obra estudia dogmt̀icamente los presupuestos de imputacin̤, analiza su vinculacin̤ con tipos penales con los que podra̕ existir solapamiento, propone una visin̤ del objeto de proteccin̤ en este delito y de la intervencin̤ delictiva, estudia las circunstancias que agravan o atena︢n la pena y postula el carc̀ter transnacional como agravante y la utilizacin̤ del decomiso como herramienta en la lucha contra la criminalidad organizada con una aplicacin̤ especializada
|
| 506 |
1 |
|
|a Disponible solo en los productos indicados
|d vLex Global
|d vLex Global (Academic Edition, excluding Law Schools)
|d vLex Global (U.S. Academic Edition, Law Schools)
|d vLex Global (U.S. Academic Edition, excluding Law Schools)
|d vLex Global (Academic Edition, Law Schools)
|
| 650 |
0 |
4 |
|a Derecho Penal
|z Espaą
|
| 650 |
0 |
4 |
|a Derecho Internacional
|z Espaą
|
| 740 |
0 |
|
|a vLex Libros (Servicio en ln̕ea)
|
| 856 |
4 |
0 |
|u https://app.vlex.com/#/sources/35587
|z Acceso restringido
|
| 942 |
|
|
|c BOOK
|
| 999 |
0 |
|
|a Criminal Law
|
| 999 |
0 |
|
|a International Law
|